Quiz - The Sockman, Loughborough - Statistics

General Stats
  • This quiz has been taken 3 times
  • The average score is 5 of 8
Answer Stats
Question Answer % Correct
Material Bronze
100%
Important building is it infront of Loughborough Town Hall
100%
Year commissioned 1998
67%
What the sock is symbolic of Loughborough’s {Hosiery} Industry
67%
Sculptor Shona Kinloch
67%
Name it was commissioned as The Sock
67%
Price commissioned at (£) £23,000
33%
What it sits on A bollard
33%
No matching quizzes found
Score Distribution
Percent of People with Each Score
Percentile by Number Answered
Your Score History
You have not taken this quiz